| 000 | 00670nam a2200205Ia 4500 | ||
|---|---|---|---|
| 003 | GCL | ||
| 008 | 140319s9999 xx 000 0 ara d | ||
| 040 |
_aGCL / _cGCL |
||
| 082 | 0 | 4 |
_a810.9 _bح د |
| 100 | 1 | _aالنبوى عبدالواحد شعلان | |
| 245 | 1 | 0 |
_aديوان كشاجم: محمود بن الحسين المتوفى سنة360 هـ / _cالنبوى عبدالواحد شعلان |
| 700 | 1 | _aالحسين, محمود بن | |
| 300 | _a536 ص | ||
| 490 | _a | ||
| 650 | 0 | 4 | _aالادب العربى |
| 650 | 0 | 4 | _aالادب |
| 650 | 0 | 4 | _aالادب العربى - دواوين وقصائد |
| 650 | 0 | 4 | _aدواوين كشاجم |
| 942 |
_2ddc _cBK |
||
| 999 |
_c48442 _d48442 |
||